00549nam a2200181Ia 450000500170000000800410001708200210005824500600007926000310013930000120017065000130018265000140019570000220020970000180023194200060024995200970025599900150035220250106060653.0240331s9999 xx 000 0 und d bFUG2756a305.23 0aWhat's inside? :bLearning with children in the streets bRedd Barna Sri Lankac1989 a132 p., aChildren aEducation aFuglesang, Aeedt aChandlereedt cL 001040708LaWERCLbWERCLcSSCd2024-03-31l0o 305.23 WHAp756r2024-03-31w2024-03-31yL c1547d1547